Alternative polices for the control of air pollution in poland/ (Record no. 542839)
[ view plain ]
| 000 -LEADER | |
|---|---|
| fixed length control field | 00431nam a22001337a 4500 |
| 022 ## - INTERNATIONAL STANDARD SERIAL NUMBER | |
| International Standard Serial Number | 0821327534 |
| 082 ## - DEWEY DECIMAL CLASSIFICATION NUMBER | |
| Classification number | 363.7392 |
| Author Mark | BAT |
| -- | D |
| 100 ## - MAIN ENTRY--PERSONAL NAME | |
| Personal name | Robin Bates., |
| 9 (RLIN) | 38192 |
| 245 ## - TITLE STATEMENT | |
| Title | Alternative polices for the control of air pollution in poland/ |
| Statement of responsibility, etc. | Robin Bates, Janusz Cofala. Michael Toman |
| 260 ## - PUBLICATION, DISTRIBUTION, ETC. | |
| Place of publication, distribution, etc. | Washington: |
| Name of publisher, distributor, etc. | The World Bank, |
| Date of publication, distribution, etc. | c1994. |
| 300 ## - PHYSICAL DESCRIPTION | |
| Extent | ix, 73 p. : |
| 526 ## - STUDY PROGRAM INFORMATION NOTE | |
| Program name | 0 |
| Interest level | 0 |
| Reading level | 0 |
| Title point value | 363_739200000000000_BAT |
| 942 ## - ADDED ENTRY ELEMENTS (KOHA) | |
| Source of classification or shelving scheme | |
| Koha item type | Book |
| Withdrawn status | Lost status | Source of classification or shelving scheme | Damaged status | Not for loan | Permanent Location | Current Location | Date acquired | Total Checkouts | Full call number | Barcode | Date last seen | Price effective from | Koha item type |
|---|---|---|---|---|---|---|---|---|---|---|---|---|---|
| Military College of Engineering (MCE) | Military College of Engineering (MCE) | 02/20/2014 | 363.7392 BAT | MCE-43284 | 02/20/2014 | 02/20/2014 | Book |
